000 00558nam a2200181 i 4500
001 150118
003 ES-MaACL
005 20230906203401.0
007 t|
008 071026s1914 fr ||||1| fre d
100 1 _aVandervelde, Émile.
_9113067
245 1 3 _aLa guerre generale en Belgique (avril 1913) /
_cpar Emile Vandervelde ; L. de Brouckere, L. Vandermissen.
260 _a[Tours :
_bE. Arrault],
_c1914.
300 _a302 p. ;
_c19 cm.
700 1 _aBrouckere, L. de.
_931956
700 1 _aVandermissen, L.
_9113064
852 _aES-MaACL
_jF-7981
999 _c150118
_d150118